000 00472nam a2200181Ia 4500
001 10948
005 20260306161910.0
008 260306t2010||||xx |||||||||||||| ||spa||
041 _aESP
082 _a983.0616
_bM12
100 _aMc Evoy, Carmen (ed.)
_eAUT
245 0 _aArmas de persuación masiva.:
_bretórica y ritual en la Guerra del Pacífico
260 _c2010
300 _a347 páginas :
_c
650 _aGEN
654 _aCHU
942 _cLIB
_dJUS
_fJUS
_2ddc
_n
999 _c10948
_d10948